[Event "Titled Tuesday intern op 03rd Jan Late"]
[Site "Chess.com INT"]
[Date "2025.06.03"]
[Round "11"]
[White "Annaberdiyev, Babageldi"]
[Black "Gurevich, Dmitry"]
[Result "1/2-1/2"]
[WhiteElo "2208"]
[BlackElo "2347"]
[PlyCount "127"]
[EventDate "2025.06.03"]
[EventType "swiss (blitz)"]
[EventRounds "11"]
[EventCountry "USA"]
[SourceTitle "CB24_2025"]
[SourceDate "2025.06.11"]
[SourceVersion "1"]
[SourceVersionDate "2025.06.11"]
[SourceQuality "1"]

1. e4 c5 2. Nf3 d6 3. d3 Nf6 4. Nbd2 g6 5. g3 Bg7 6. Bg2 0-0 7. 0-0 Nc6 8. Re1 Rb8 9. Nf1 b5 10. c3 b4 11. d4 bxc3 12. bxc3 cxd4 13. cxd4 Bg4 14. h3 Bxf3 15. Bxf3 Nxd4 16. Qxd4 Nd7 17. Qxa7 Bxa1 18. Bh6 Bg7 19. Bxg7 Kxg7 20. Qd4+ Kg8 21. Ne3 Ra8 22. Re2 Qb6 23. Qd2 Qa5 24. Nd5 Rfe8 25. Kg2 Qxd2 26. Rxd2 Ra3 27. Be2 Kf8 28. Bb5 Rd8 29. Bc4 e6 30. Ne3 Ke7 31. Bb3 Ne5 32. f4 Nc6 33. Nc4 Ra7 34. Kf3 Na5 35. Nxa5 Rxa5 36. g4 h5 37. g5 Rc5 38. Rd3 Rdc8 39. Ke3 Rc3 40. a4 Rxd3+ 41. Kxd3 Rc1 42. Bc4 Rh1 43. a5 Rxh3+ 44. Kc2 Ra3 45. a6 d5 46. exd5 exd5 47. Bf1 h4 48. Kb2 Ra4 49. Kb3 Ra1 50. Kb2 Ra5 51. Kb3 h3 52. Bxh3 Rxa6 53. f5 Kd6 54. fxg6 fxg6 55. Bf1 Ke5 56. Bxa6 Kf4 57. Bd3 Kxg5 58. Kc3 Kf4 59. Kd4 g5 60. Kxd5 g4 61. Be4 g3 62. Bg2 Ke3 63. Be4 g2 64. Bxg2 1/2-1/2

[Event "Titled Tuesday intern op 03rd Jan Late"]
[Site "Chess.com INT"]
[Date "2025.06.03"]
[Round "10"]
[White "Gurevich, Dmitry"]
[Black "Alizadeh, Mohammad Mahdi"]
[Result "1-0"]
[WhiteElo "2347"]
[BlackElo "2015"]
[PlyCount "129"]
[EventDate "2025.06.03"]
[EventType "swiss (blitz)"]
[EventRounds "11"]
[EventCountry "USA"]
[SourceTitle "CB24_2025"]
[SourceDate "2025.06.11"]
[SourceVersion "1"]
[SourceVersionDate "2025.06.11"]
[SourceQuality "1"]

1. d4 Nf6 2. c4 e6 3. Nc3 d5 4. Bf4 Be7 5. e3 0-0 6. Nf3 c5 7. dxc5 dxc4 8. Bxc4 Bxc5 9. Qe2 b6 10. 0-0 Bb7 11. Bg5 h6 12. Bh4 Qe7 13. e4 g5 14. Nxg5 hxg5 15. Bxg5 e5 16. Nd5 Bxd5 17. Bxd5 Nbd7 18. Bxa8 Rxa8 19. Rad1 Qe6 20. Kh1 Nf8 21. Rd3 Ng6 22. Rfd1 Kg7 23. Rd8 Rxd8 24. Rxd8 Ng4 25. h3 Nxf2+ 26. Kh2 f6 27. Be3 Nxe4 28. Ra8 Qd7 29. Qa6 Bxe3 30. Rxa7 Bf4+ 31. Kg1 Be3+ 32. Kh2 Qxa7 33. Qxa7+ Kh6 34. a4 Nd2 35. a5 Bf4+ 36. Kh1 bxa5 37. Qxa5 e4 38. b4 e3 39. Qa6 Nf1 40. Qxf1 Kg5 41. Qe2 f5 42. b5 Ne7 43. b6 Ng8 44. b7 Nf6 45. g3 Bxg3 46. Qxe3+ Bf4 47. Qxf4+ Kxf4 48. b8Q+ Kg5 49. Qg3+ Kh6 50. h4 Ne4 51. Qf4+ Kg6 52. h5+ Kxh5 53. Qxf5+ Ng5 54. Kg2 Kh4 55. Qf4+ Kh5 56. Kg3 Kg6 57. Kg4 Nf7 58. Qf5+ Kg7 59. Kh5 Kf8 60. Qf6 Ke8 61. Kg6 Nd8 62. Qg7 Nc6 63. Kf6 Kd8 64. Ke6 Kc8 65. Kd6 1-0

[Event "Chicago op 34th"]
[Site "Chicago"]
[Date "2025.05.24"]
[Round "5"]
[White "Gurevich, Dmitry"]
[Black "Prabhu, Naveen"]
[Result "1/2-1/2"]
[WhiteElo "2347"]
[BlackElo "2196"]
[PlyCount "73"]
[EventDate "2025.05.22"]
[EventType "swiss"]
[EventRounds "9"]
[EventCountry "USA"]
[SourceTitle "CB23_2025"]
[SourceDate "2025.06.04"]
[SourceVersion "1"]
[SourceVersionDate "2025.06.04"]
[SourceQuality "1"]

1. d4 Nf6 2. c4 e6 3. Nc3 d5 4. Bf4 a6 5. c5 b6 6. cxb6 cxb6 7. Nf3 Bd6 8. Bg3 0-0 9. e3 Nc6 10. Bd3 Bb7 11. 0-0 Bxg3 12. hxg3 Qd6 13. Rc1 Rfc8 14. Qe2 g6 15. a3 Kg7 16. Rfd1 Na5 17. e4 dxe4 18. Nxe4 Bxe4 19. Bxe4 Nxe4 20. Qxe4 Qd5 21. Qf4 Nc4 22. Ne5 Nxe5 23. dxe5 Rxc1 24. Rxc1 Qd7 25. Qf3 Rc8 26. Rd1 Qc7 27. Qf6+ Kg8 28. Kh2 b5 29. Rd6 a5 30. b4 a4 31. Qf3 Qc1 32. Rd4 Qb2 33. Rd7 Rf8 34. Qe3 Rc8 35. Rd4 Qc1 36. Qd3 Qa1 37. Rd8+ 1/2-1/2

[Event "Titled Tuesday intern op 20th May Late"]
[Site "Chess.com INT"]
[Date "2025.05.20"]
[Round "5"]
[White "Gurevich, Dmitry"]
[Black "Van Dael, Siem"]
[Result "1-0"]
[WhiteElo "2347"]
[BlackElo "2258"]
[PlyCount "125"]
[EventDate "2025.05.20"]
[EventType "swiss (blitz)"]
[EventRounds "11"]
[EventCountry "USA"]
[SourceTitle "CB22_2025"]
[SourceDate "2025.05.28"]
[SourceVersion "1"]
[SourceVersionDate "2025.05.28"]
[SourceQuality "1"]

1. d4 d5 2. c4 c6 3. e3 Nf6 4. Nc3 e6 5. Nf3 a6 6. a4 c5 7. cxd5 exd5 8. Be2 Nc6 9. 0-0 cxd4 10. Nxd4 Bd6 11. Bf3 0-0 12. g3 Bc7 13. Nxc6 bxc6 14. b3 Bh3 15. Re1 Re8 16. Bb2 Rb8 17. Rc1 Qe7 18. Ne2 Qd7 19. Bxf6 gxf6 20. Qc2 Bf5 21. Qxc6 Qxc6 22. Rxc6 Ba5 23. Rd1 Rxb3 24. Rxf6 Bd3 25. Bxd5 Bxe2 26. Bxb3 Bxd1 27. Bxd1 Re6 28. Rxe6 fxe6 29. Be2 Bd2 30. Bxa6 Kf7 31. Bc4 Kf6 32. Kf1 e5 33. Ke2 Ba5 34. Bd3 h6 35. Be4 Ke7 36. Kf3 Kf6 37. Kg4 Be1 38. Kf3 Ba5 39. Ke2 Kg5 40. f3 Bb6 41. Bd5 Kf6 42. Kd3 Ba7 43. h3 Kg5 44. Ke4 Kf6 45. f4 exf4 46. gxf4 Bb6 47. Kf3 Ba7 48. e4 Bb6 49. e5+ Kf5 50. Bb7 Ke6 51. Bc8+ Ke7 52. Ke4 Bc7 53. f5 Kd8 54. Ba6 Ke7 55. Bc4 Bb8 56. f6+ Kf8 57. e6 Bd6 58. Kf5 Bb4 59. h4 Ke8 60. h5 Kf8 61. Kg6 Bd2 62. e7+ Ke8 63. Bb5# 1-0

[Event "Titled Tuesday intern op 20th May Late"]
[Site "Chess.com INT"]
[Date "2025.05.20"]
[Round "6"]
[White "Gurevich, Dmitry"]
[Black "Zanette, Edgard Vinicius"]
[Result "1/2-1/2"]
[WhiteElo "2347"]
[BlackElo "2041"]
[PlyCount "118"]
[EventDate "2025.05.20"]
[EventType "swiss (blitz)"]
[EventRounds "11"]
[EventCountry "USA"]
[SourceTitle "CB22_2025"]
[SourceDate "2025.05.28"]
[SourceVersion "1"]
[SourceVersionDate "2025.05.28"]
[SourceQuality "1"]

1. d4 Nf6 2. c4 e6 3. Nc3 Bb4 4. e3 0-0 5. Bd3 Bxc3+ 6. bxc3 d6 7. Ne2 e5 8. e4 c5 9. f3 Nc6 10. Be3 b6 11. 0-0 Ba6 12. Ng3 cxd4 13. cxd4 exd4 14. Bf2 Rc8 15. Rc1 Re8 16. Nf5 g6 17. Nxd4 Ne5 18. Nb5 Bxb5 19. cxb5 Rxc1 20. Qxc1 Nxd3 21. Qc6 Nxf2 22. Rxf2 Qd7 23. Rd2 Qxc6 24. bxc6 Kf8 25. Rxd6 Ke7 26. e5 Nh5 27. Rd7+ Ke6 28. Rxa7 Rc8 29. c7 Kd7 30. Ra4 Rxc7 31. g4 Ng7 32. Kg2 g5 33. h4 h6 34. hxg5 hxg5 35. Rd4+ Ke7 36. Rd6 Rb7 37. f4 gxf4 38. Kf3 Ne6 39. a4 Nc5 40. Kxf4 Nxa4 41. g5 Nc5 42. g6 Ne6+ 43. Kf5 fxg6+ 44. Kxg6 b5 45. Kf5 Nc7 46. Rh6 b4 47. Rh7+ Kd8 48. e6 Rb5+ 49. Kf6 Nd5+ 50. Ke5 Ne7+ 51. Kd4 b3 52. Rh1 b2 53. Rb1 Kc7 54. Kc4 Rb6 55. Kc5 Nc6 56. Kc4 Kd6 57. Kc3 Ne5 58. Rxb2 Rxb2 59. Kxb2 Kxe6 1/2-1/2

[Event "Titled Tuesday intern op 20th May Late"]
[Site "Chess.com INT"]
[Date "2025.05.20"]
[Round "7"]
[White "Varriale, Luca"]
[Black "Gurevich, Dmitry"]
[Result "1/2-1/2"]
[WhiteElo "2172"]
[BlackElo "2347"]
[PlyCount "154"]
[EventDate "2025.05.20"]
[EventType "swiss (blitz)"]
[EventRounds "11"]
[EventCountry "USA"]
[SourceTitle "CB22_2025"]
[SourceDate "2025.05.28"]
[SourceVersion "1"]
[SourceVersionDate "2025.05.28"]
[SourceQuality "1"]

1. d4 Nf6 2. c4 a6 3. Nc3 c5 4. Nf3 cxd4 5. Nxd4 d5 6. cxd5 Nxd5 7. Nf3 Nxc3 8. Qxd8+ Kxd8 9. bxc3 f6 10. Ba3 e5 11. Bxf8 Rxf8 12. 0-0-0+ Kc7 13. Nd2 Be6 14. Nb3 Nd7 15. Kb2 Rac8 16. e3 Kb8 17. Rd6 Rfe8 18. Be2 Ka7 19. Rhd1 Nb6 20. Rxe6 Rxe6 21. Bg4 Rec6 22. Bxc8 Rxc8 23. Kc2 Na4 24. Rd7 Nxc3 25. Rxg7 Nxa2+ 26. Kb2 Nb4 27. Rxh7 Nd3+ 28. Ka3 Nxf2 29. Na5 Kb6 30. Nxb7 Rc3+ 31. Kb2 Rxe3 32. Nd6 Kc5 33. Nf5 Re2+ 34. Kc3 Nd1+ 35. Kd3 Rxg2 36. Rh6 Nf2+ 37. Kc3 Ng4 38. Rg6 Ne3 39. Rxf6 Nxf5 40. Rxf5 Kd5 41. Rf6 Ra2 42. h4 Ke4 43. h5 Rh2 44. Rxa6 Rxh5 45. Kd2 Rh2+ 46. Ke1 Kf4 47. Ra4+ e4 48. Ra3 Rb2 49. Rc3 Ke5 50. Ra3 Kd4 51. Rh3 Rg2 52. Ra3 Ke5 53. Rb3 Kf4 54. Ra3 Rc2 55. Rb3 Rc4 56. Ra3 Rd4 57. Rb3 Ra4 58. Rc3 Ra2 59. Rb3 Ra1+ 60. Ke2 Ra2+ 61. Ke1 Ke5 62. Rc3 Kd4 63. Rb3 Rc2 64. Ra3 Rc1+ 65. Ke2 Rh1 66. Ra4+ Ke5 67. Ra5+ Kf4 68. Ra3 Rh2+ 69. Ke1 Rc2 70. Rb3 Rc4 71. Ra3 Rd4 72. Rb3 Rd3 73. Rxd3 exd3 74. Kd2 Ke4 75. Kd1 Ke3 76. Ke1 d2+ 77. Kd1 Kd3 1/2-1/2

[Event "Titled Tuesday intern op 25th Feb Early"]
[Site "Chess.com INT"]
[Date "2025.02.25"]
[Round "4"]
[White "Gurevich, Dmitry"]
[Black "Akhmedinov, Satbek"]
[Result "0-1"]
[WhiteElo "2347"]
[BlackElo "2341"]
[PlyCount "84"]
[EventDate "2025.02.25"]
[EventType "swiss (blitz)"]
[EventRounds "11"]
[EventCountry "USA"]
[SourceTitle "CB10_2025"]
[SourceDate "2025.03.05"]
[SourceVersion "1"]
[SourceVersionDate "2025.03.05"]
[SourceQuality "1"]

1. d4 Nf6 2. c4 g6 3. Nc3 Bg7 4. e4 d6 5. Nf3 0-0 6. Be2 Bg4 7. Be3 c5 8. d5 e6 9. 0-0 exd5 10. cxd5 Bxf3 11. Bxf3 Na6 12. h3 Nc7 13. a4 a6 14. e5 Nfe8 15. exd6 Nxd6 16. Bxc5 Re8 17. a5 Rc8 18. Bxd6 Qxd6 19. Ne4 Qe5 20. d6 Rcd8 21. Qc2 Nb5 22. Rfd1 Qxb2 23. Qxb2 Bxb2 24. Ra2 f5 25. Rxb2 fxe4 26. d7 Re7 27. Be2 Nc3 28. Bc4+ Kg7 29. Rc1 Na4 30. Rb4 Nc5 31. Be2 Nd3 32. Bxd3 exd3 33. Rcb1 Rdxd7 34. Rd1 d2 35. Rbb1 Re5 36. f3 Rxa5 37. Rb2 Rad5 38. Kf2 b5 39. Ke3 a5 40. Ke4 a4 41. f4 a3 42. Rb3 Rd4+ 0-1

[Event "Chessable Masters Play In"]
[Site "Chess.com INT"]
[Date "2025.02.17"]
[Round "1"]
[White "Demchenko, Anton"]
[Black "Gurevich, Dmitry"]
[Result "1-0"]
[WhiteElo "2619"]
[BlackElo "2347"]
[PlyCount "39"]
[EventDate "2025.02.17"]
[EventType "swiss (blitz)"]
[EventRounds "9"]
[EventCountry "USA"]
[SourceTitle "CB08_2025"]
[SourceDate "2025.02.19"]
[SourceVersion "1"]
[SourceVersionDate "2025.02.19"]
[SourceQuality "1"]

1. e4 c5 2. Nf3 d6 3. d4 cxd4 4. Nxd4 Nf6 5. Nc3 Nc6 6. Bg5 e6 7. Qd2 Be7 8. 0-0-0 0-0 9. h4 Nxd4 10. Qxd4 a6 11. e5 dxe5 12. Qxe5 Qe8 13. Rh3 Nd7 14. Qc7 Bd8 15. Bxd8 Qxd8 16. Qxd8 Rxd8 17. Rhd3 Kf8 18. Na4 Ke7 19. Nb6 Rb8 20. g3 1-0

[Event "Titled Tuesday intern op 28th Jan Early"]
[Site "Chess.com INT"]
[Date "2025.01.28"]
[Round "8"]
[White "Gurevich, Dmitry"]
[Black "Mesias Rojas, Rabindranath"]
[Result "0-1"]
[WhiteElo "2345"]
[BlackElo "2193"]
[PlyCount "98"]
[EventDate "2025.01.28"]
[EventType "swiss (blitz)"]
[EventRounds "11"]
[EventCountry "USA"]
[SourceTitle "CB06_2025"]
[SourceDate "2025.02.05"]
[SourceVersion "1"]
[SourceVersionDate "2025.02.05"]
[SourceQuality "1"]

1. d4 Nf6 2. c4 c5 3. Nf3 g6 4. Nc3 cxd4 5. Nxd4 Nc6 6. Nc2 Bg7 7. g3 0-0 8. Bg2 d6 9. 0-0 Be6 10. b3 Nd7 11. Qd2 Qa5 12. Bb2 Qh5 13. Rfe1 Rfd8 14. Rad1 Rac8 15. Ne3 Nf6 16. Ncd5 Bxd5 17. Nxd5 Nxd5 18. Bxg7 Kxg7 19. Bxd5 b6 20. Qb2+ Qe5 21. Qa3 a5 22. e3 Nb4 23. Rd2 h5 24. Red1 h4 25. Bg2 hxg3 26. hxg3 Rh8 27. Qb2 Qxb2 28. Rxb2 Na6 29. a3 Nc5 30. b4 Ne6 31. Bd5 Nc7 32. bxa5 bxa5 33. Rb7 Kf6 34. Ra7 Nxd5 35. cxd5 Rc5 36. Kg2 Rb8 37. Rd3 g5 38. Rd4 Rb2 39. Re4 Rcc2 40. Rexe7 Rxf2+ 41. Kh3 Kg6 42. Red7 Rb6 43. e4 a4 44. Re7 Rf3 45. e5 Rbb3 46. exd6 Rxg3+ 47. Kh2 Rh3+ 48. Kg2 Rhg3+ 49. Kf2 f5 0-1

[Event "Titled Tuesday intern op 21st Jan Late"]
[Site "Chess.com INT"]
[Date "2025.01.21"]
[Round "5"]
[White "Karas, Eugenia"]
[Black "Gurevich, Dmitry"]
[Result "1-0"]
[WhiteElo "2124"]
[BlackElo "2345"]
[PlyCount "95"]
[EventDate "2025.01.21"]
[EventType "swiss (blitz)"]
[EventRounds "11"]
[EventCountry "USA"]
[SourceTitle "CB05_2025"]
[SourceDate "2025.01.29"]
[SourceVersion "1"]
[SourceVersionDate "2025.01.29"]
[SourceQuality "1"]

1. d4 Nf6 2. c4 a6 3. Nf3 e6 4. g3 c5 5. Bg2 cxd4 6. Nxd4 Qc7 7. b3 Bb4+ 8. Bd2 Be7 9. 0-0 d6 10. Nc3 Nbd7 11. e4 0-0 12. Rc1 Rb8 13. Be3 b6 14. Qd2 Bb7 15. h3 Rfd8 16. Rfd1 Nc5 17. Qc2 Rbc8 18. Nde2 Qb8 19. b4 Ncd7 20. Qb3 Qa8 21. Na4 b5 22. cxb5 Rxc1 23. Rxc1 axb5 24. Nb6 Nxb6 25. Bxb6 Rc8 26. Rxc8+ Qxc8 27. Qc3 Qa8 28. Qc7 Bf8 29. Nc3 Nxe4 30. Nxb5 d5 31. a3 h5 32. Qd8 Qxd8 33. Bxd8 Bc6 34. Nd4 Ba4 35. Bxe4 dxe4 36. Bb6 e5 37. Nf5 g6 38. Ne3 f5 39. Nc4 Bg7 40. Bc7 Kf7 41. Bxe5 Bb3 42. Nd2 Bd5 43. Bxg7 Kxg7 44. b5 Kf6 45. Kf1 Ke5 46. Ke2 Kd4 47. a4 Kc5 48. Ke3 1-0

[Event "Titled Tuesday intern op 21st Jan Late"]
[Site "Chess.com INT"]
[Date "2025.01.21"]
[Round "2"]
[White "Swara, Lakshmi S Nair"]
[Black "Gurevich, Dmitry"]
[Result "0-1"]
[WhiteElo "2158"]
[BlackElo "2345"]
[PlyCount "110"]
[EventDate "2025.01.21"]
[EventType "swiss (blitz)"]
[EventRounds "11"]
[EventCountry "USA"]
[SourceTitle "CB05_2025"]
[SourceDate "2025.01.29"]
[SourceVersion "1"]
[SourceVersionDate "2025.01.29"]
[SourceQuality "1"]

1. e4 c5 2. Nf3 d6 3. d4 cxd4 4. Nxd4 Nf6 5. Nc3 Nc6 6. Bg5 e6 7. Ke2 Ke7 8. Ke1 Ke8 9. Be2 Be7 10. Qd2 h6 11. Be3 a6 12. f3 Qc7 13. Kf2 Bd7 14. Rhe1 Rc8 15. f4 Nxd4 16. Bxd4 Qxc3 17. Qxc3 Nxe4+ 18. Kg1 Nxc3 19. Bxc3 Bf6 20. Bxf6 gxf6 21. c3 Ke7 22. Rad1 Bc6 23. Rd3 Bb5 24. Re3 Bxe2 25. R1xe2 f5 26. Rd2 h5 27. Kf2 Rhg8 28. Red3 d5 29. Rh3 Rg4 30. Rd4 Rcg8 31. g3 h4 32. Rxh4 Rxh4 33. gxh4 b5 34. a4 Kd6 35. h3 Kc5 36. axb5 axb5 37. b4+ Kd6 38. Rd3 Rh8 39. Kg3 f6 40. Rd1 e5 41. fxe5+ fxe5 42. Ra1 f4+ 43. Kg2 Ke6 44. Ra6+ Kf5 45. Rd6 Ke4 46. Rb6 f3+ 47. Kg3 Rg8+ 48. Kf2 Rg2+ 49. Kf1 Ke3 50. Rxb5 Ra2 51. Kg1 Ra1+ 52. Kh2 f2 53. Rxd5 f1Q 54. Rxe5+ Kf4 55. Rf5+ Kxf5 0-1

[Event "North American op 34th"]
[Site "Las Vegas"]
[Date "2024.12.27"]
[Round "3"]
[White "Gurevich, Dmitry"]
[Black "Cardoso Cardoso, Jose Gabriel"]
[Result "1/2-1/2"]
[WhiteElo "2352"]
[BlackElo "2516"]
[PlyCount "40"]
[EventDate "2024.12.26"]
[EventType "swiss"]
[EventRounds "9"]
[EventCountry "USA"]
[SourceTitle "CB02_2025"]
[SourceDate "2025.01.08"]
[SourceVersion "1"]
[SourceVersionDate "2025.01.08"]
[SourceQuality "1"]

1. d4 Nf6 2. c4 e6 3. Nf3 d5 4. e3 b6 5. Nc3 Bd6 6. Bd3 Bb7 7. 0-0 0-0 8. Qc2 dxc4 9. Bxc4 c5 10. dxc5 Bxc5 11. e4 Nbd7 12. Bg5 Qc7 13. Bb3 h6 14. Bh4 Qf4 15. Bg3 Qg4 16. Rfe1 Nh5 17. Rad1 Ndf6 18. Ne5 Qg5 19. Nf3 Qg6 20. Ne5 Qg5 1/2-1/2

[Event "Titled Tuesday intern op 24th Sep Early"]
[Site "Chess.com INT"]
[Date "2024.09.24"]
[Round "10"]
[White "Gurevich, Dmitry"]
[Black "Barwinska, Ewa"]
[Result "1-0"]
[WhiteElo "2352"]
[BlackElo "2044"]
[PlyCount "79"]
[EventDate "2024.09.24"]
[EventType "swiss (blitz)"]
[EventRounds "11"]
[EventCountry "USA"]
[SourceTitle "EXT 2025"]
[Source "ChessBase"]
[SourceDate "2024.10.14"]
[SourceVersion "1"]
[SourceVersionDate "2024.10.14"]
[SourceQuality "1"]

1. d4 Nf6 2. c4 g6 3. Nc3 Bg7 4. e4 d6 5. Nf3 Nbd7 6. Be2 0-0 7. 0-0 e5 8. Be3 exd4 9. Nxd4 Nc5 10. f3 a5 11. Qd2 Re8 12. Rfd1 Bd7 13. Ndb5 Bxb5 14. cxb5 Nfd7 15. Rac1 Qh4 16. Bf1 Be5 17. g3 Qh5 18. Bg2 f5 19. Nd5 fxe4 20. f4 Bg7 21. Nxc7 Nd3 22. Nxa8 Nxc1 23. Nc7 Ne2+ 24. Kf2 Rc8 25. Nd5 Re8 26. Qxe2 Qf5 27. Nc3 Ne5 28. Nxe4 Ng4+ 29. Kg1 Rxe4 30. Bxe4 Qxe4 31. Qxg4 Qxe3+ 32. Kg2 Bxb2 33. Qf3 Qc5 34. Qd5+ Kg7 35. Qxc5 dxc5 36. Rd7+ Kf6 37. Rxb7 c4 38. Rc7 c3 39. b6 Ke6 40. b7 1-0

[Event "Titled Tuesday intern op 24th Sep Late"]
[Site "Chess.com INT"]
[Date "2024.09.24"]
[Round "5"]
[White "Gurevich, Dmitry"]
[Black "Colas, Joshua"]
[Result "1-0"]
[WhiteElo "2352"]
[BlackElo "2224"]
[PlyCount "137"]
[EventDate "2024.09.24"]
[EventType "swiss (blitz)"]
[EventRounds "11"]
[EventCountry "USA"]
[SourceTitle "EXT 2025"]
[Source "ChessBase"]
[SourceDate "2024.10.14"]
[SourceVersion "1"]
[SourceVersionDate "2024.10.14"]
[SourceQuality "1"]

1. d4 d5 2. c4 e6 3. Nc3 a6 4. cxd5 exd5 5. Bf4 Nf6 6. e3 Bd6 7. Bg3 0-0 8. Nf3 c6 9. Bd3 Re8 10. 0-0 Bxg3 11. hxg3 Bg4 12. Qc2 Bxf3 13. gxf3 Nbd7 14. b4 a5 15. b5 c5 16. dxc5 Nxc5 17. Bf5 g6 18. Bh3 Qb6 19. Rac1 Ne6 20. Rfd1 Rad8 21. Qb2 Ng5 22. Bg2 Qe6 23. Ne2 h5 24. Nf4 Qe7 25. Qc3 Ne6 26. Nxe6 fxe6 27. Qc5 Qf7 28. f4 Rd7 29. a4 Qf8 30. Qxf8+ Kxf8 31. Rc5 Ke7 32. b6 Ra8 33. Rb1 Ne8 34. Rbb5 Rd6 35. Rb3 Ra6 36. Rcb5 Rc6 37. Bf1 Nd6 38. Rxd5 Raxb6 39. Rxb6 exd5 40. Rb1 Rc3 41. Bg2 Ra3 42. Bxd5 Rxa4 43. Bxb7 Rb4 44. Rxb4 axb4 45. Bd5 Nb5 46. Kf1 Kd6 47. Bf7 Nc3 48. Ke1 Ke7 49. Bxg6 b3 50. Kd2 Na2 51. Bb1 Nb4 52. Kc3 Nd5+ 53. Kxb3 Nf6 54. Bg6 Ng4 55. Bxh5 Nxf2 56. Kc4 Ne4 57. g4 Nd2+ 58. Kd3 Nb3 59. g5 Nc5+ 60. Kd4 Ne6+ 61. Ke5 Ng7 62. Bg4 Ne8 63. f5 Nc7 64. f6+ Kf8 65. g6 Ne8 66. g7+ Nxg7 67. fxg7+ Kxg7 68. Kd6 Kf8 69. Bh5 1-0

[Event "Titled Tuesday intern op 24th Sep Late"]
[Site "Chess.com INT"]
[Date "2024.09.24"]
[Round "8"]
[White "Gurevich, Dmitry"]
[Black "Karlusic, Luka"]
[Result "0-1"]
[WhiteElo "2352"]
[BlackElo "2267"]
[PlyCount "74"]
[EventDate "2024.09.24"]
[EventType "swiss (blitz)"]
[EventRounds "11"]
[EventCountry "USA"]
[SourceTitle "EXT 2025"]
[Source "ChessBase"]
[SourceDate "2024.10.14"]
[SourceVersion "1"]
[SourceVersionDate "2024.10.14"]
[SourceQuality "1"]

1. d4 Nf6 2. c4 e6 3. g3 d5 4. Bg2 Bb4+ 5. Nd2 0-0 6. Ngf3 dxc4 7. Qc2 c5 8. dxc5 c3 9. bxc3 Bxc5 10. 0-0 Nc6 11. Nb3 Bb6 12. Rd1 Qe7 13. a4 Rd8 14. Ba3 Qe8 15. Rxd8 Bxd8 16. Nfd4 Bd7 17. Nb5 Bb6 18. Nd6 Qb8 19. Rb1 Bc7 20. Qd2 Nd5 21. Nb5 Be5 22. c4 Nf6 23. Nc5 Qc8 24. Nd6 Bxd6 25. Qxd6 Na5 26. Bxb7 Nxb7 27. Rxb7 Bxa4 28. Rc7 Qe8 29. Qa6 Bc2 30. Rxa7 Rxa7 31. Qxa7 h5 32. Nd3 Qc6 33. Qc5 Qb7 34. Qb4 Qe4 35. Nf4 e5 36. Qd2 exf4 37. Qxf4 Qxf4 0-1

[Event "Titled Tuesday intern op 24th Sep Late"]
[Site "Chess.com INT"]
[Date "2024.09.24"]
[Round "4"]
[White "Martinez Ramirez, Lennis"]
[Black "Gurevich, Dmitry"]
[Result "1-0"]
[WhiteElo "2441"]
[BlackElo "2352"]
[PlyCount "63"]
[EventDate "2024.09.24"]
[EventType "swiss (blitz)"]
[EventRounds "11"]
[EventCountry "USA"]
[SourceTitle "EXT 2025"]
[Source "ChessBase"]
[SourceDate "2024.10.14"]
[SourceVersion "1"]
[SourceVersionDate "2024.10.14"]
[SourceQuality "1"]

1. Nf3 Nf6 2. g3 b5 3. Bg2 Bb7 4. 0-0 e6 5. a4 b4 6. d3 a5 7. e4 c5 8. e5 Nd5 9. Nbd2 Be7 10. Nc4 0-0 11. h4 h6 12. Bd2 Nc6 13. Qc1 f5 14. Bxh6 gxh6 15. Qxh6 Rf7 16. Nd6 Rh7 17. Qd2 Ba6 18. Rae1 f4 19. Ne4 Nd4 20. c4 bxc3 21. bxc3 Nxf3+ 22. Bxf3 Bxh4 23. c4 Nb4 24. Qxf4 Nxd3 25. Qg4+ Rg7 26. Qh5 Nxe1 27. Rxe1 Bxc4 28. Nf6+ Bxf6 29. exf6 Qxf6 30. Bxa8 d5 31. Qe8+ Kh7 32. Kg2 1-0

[Event "Titled Tuesday intern op 17th Sep Late"]
[Site "Chess,com INT"]
[Date "2024.09.17"]
[Round "8"]
[White "Gurevich, Dmitry"]
[Black "Kiewra, Keaton F"]
[Result "1-0"]
[WhiteElo "2352"]
[BlackElo "2293"]
[PlyCount "87"]
[EventDate "2024.09.17"]
[EventType "swiss (blitz)"]
[EventRounds "11"]
[EventCountry "USA"]
[SourceTitle "EXT 2025"]
[Source "ChessBase"]
[SourceDate "2024.10.14"]
[SourceVersion "1"]
[SourceVersionDate "2024.10.14"]
[SourceQuality "1"]

1. d4 Nf6 2. c4 g6 3. Nc3 Bg7 4. e4 0-0 5. Nf3 d6 6. Be2 e5 7. 0-0 Bg4 8. d5 a5 9. Be3 Na6 10. Ne1 Bd7 11. Nd3 b6 12. b3 Nc5 13. f3 Nh5 14. g3 f5 15. Nxc5 bxc5 16. Qd2 f4 17. Bf2 Bh3 18. Rfe1 fxg3 19. hxg3 Rf7 20. Kh2 Bd7 21. Rh1 Qf8 22. Kg2 Bh6 23. Be3 Bxe3 24. Qxe3 Qg7 25. Rh4 Raf8 26. Rah1 Qf6 27. Nd1 a4 28. Nf2 axb3 29. axb3 Ra8 30. Ng4 Bxg4 31. fxg4 Nf4+ 32. gxf4 exf4 33. Qf3 h5 34. gxh5 g5 35. Rg4 Ra2 36. Kf1 Kh7 37. Rhg1 Rg7 38. e5 Qxe5 39. Bd3+ Kh6 40. Qe4 Qa1+ 41. Bb1 Rb2 42. Qe6+ Kxh5 43. Rh1+ Rh2 44. Rxh2# 1-0

[Event "Titled Tuesday intern op 17th Sep Early"]
[Site "Chess,com INT"]
[Date "2024.09.17"]
[Round "8"]
[White "Kleiman, Jake"]
[Black "Gurevich, Dmitry"]
[Result "1-0"]
[WhiteElo "2399"]
[BlackElo "2352"]
[PlyCount "85"]
[EventDate "2024.09.17"]
[EventType "swiss (blitz)"]
[EventRounds "11"]
[EventCountry "USA"]
[SourceTitle "EXT 2025"]
[Source "ChessBase"]
[SourceDate "2024.10.14"]
[SourceVersion "1"]
[SourceVersionDate "2024.10.14"]
[SourceQuality "1"]

1. e4 c5 2. Nf3 d6 3. c3 Nf6 4. Be2 g6 5. 0-0 Bg7 6. Bb5+ Bd7 7. Bxd7+ Qxd7 8. Qe2 0-0 9. d4 cxd4 10. cxd4 d5 11. e5 Ne4 12. Nbd2 Nxd2 13. Bxd2 Nc6 14. Rac1 Rac8 15. Qd3 a6 16. Rc2 Rc7 17. Rfc1 Rfc8 18. a3 Nd8 19. h3 Rxc2 20. Rxc2 Rxc2 21. Qxc2 Qc6 22. Qd3 Qc4 23. Qxc4 dxc4 24. d5 Kf8 25. Ba5 Ke8 26. Bb6 e6 27. Bxd8 Kxd8 28. dxe6 fxe6 29. Nd2 b5 30. f4 Kd7 31. Kf2 Kc6 32. Ke3 Kd5 33. Ne4 a5 34. Nc3+ Kc5 35. Ke4 b4 36. axb4+ axb4 37. Ne2 h5 38. g4 hxg4 39. hxg4 Bf8 40. Nd4 Kb6 41. Nxe6 Be7 42. Kd4 Kb5 43. Nc7+ 1-0

[Event "Titled Tuesday intern op 17th Sep Late"]
[Site "Chess,com INT"]
[Date "2024.09.17"]
[Round "6"]
[White "Shapiro, Daniel E"]
[Black "Gurevich, Dmitry"]
[Result "0-1"]
[WhiteElo "2284"]
[BlackElo "2352"]
[PlyCount "64"]
[EventDate "2024.09.17"]
[EventType "swiss (blitz)"]
[EventRounds "11"]
[EventCountry "USA"]
[SourceTitle "EXT 2025"]
[Source "ChessBase"]
[SourceDate "2024.10.14"]
[SourceVersion "1"]
[SourceVersionDate "2024.10.14"]
[SourceQuality "1"]

1. Nf3 Nf6 2. e3 c5 3. b3 g6 4. Bb2 Bg7 5. g3 0-0 6. c4 d5 7. Qe2 Nc6 8. cxd5 Nxd5 9. Bxg7 Kxg7 10. a3 Qb6 11. Qc4 Be6 12. Nc3 Nf6 13. Qh4 Qxb3 14. Be2 h6 15. 0-0 Qb6 16. Rfb1 Qc7 17. Qa4 Rfd8 18. Rb2 b6 19. Rc1 a6 20. Qc2 b5 21. Ne4 Bf5 22. d3 Bxe4 23. dxe4 c4 24. a4 Rab8 25. axb5 axb5 26. Qc3 Kg8 27. Nd2 Qe5 28. f3 Qxc3 29. Rxc3 Nd7 30. f4 Nc5 31. e5 Na4 32. Rcc2 Nxb2 0-1